000 00701nam a22002057a 4500
005 20170322141509.0
010 _aENG-116527
020 _a9789385985157
_c550.00
035 _aEN-100059
037 _bDBAD/PUB
082 _a658.4012
100 _aSanghi, Seema
245 _aThe hand book of cometency mapping :
_cby Seema Sanghi
_bunderstanding, desiging and implementing competency model in organizations /
250 _a3rd ed.
260 _aNew Delhi
_bSAGE Publications
_c2016
270 _aB1/1-1Mohan Coopertive Industrial Area,Mathura Road
_bNew Delhi
_e110044
300 _ax,344p. :
_bill.
_c21cm(pbk)
500 _aIncludes index
942 _2ddc
_cEN
_h658.4012
_mSAN
999 _c104594
_d104594